header

What makes growth sustained? (Record no. 68615)

MARC details
000 -LEADER
fixed length control field 01402nam a2200337 a 4500
100 1# - MAIN ENTRY--AUTHOR NAME
Personal name Berg, Andrew.
245 10 - TITLE STATEMENT
Title What makes growth sustained?
260 ## - PUBLICATION, DISTRIBUTION, ETC. (IMPRINT)
Place of publication [Washington, D.C.?] :
Name of publisher International Monetary Fund,
Year of publication 2008.
300 ## - PHYSICAL DESCRIPTION
Number of Pages 33 p. :
Other physical details ill.
490 1# - SERIES STATEMENT
Series statement IMF working paper ;
500 ## - GENERAL NOTE
General note "March 2008."
General note At head of title: Research Department.
650 #0 - SUBJECT ADDED ENTRY--TOPICAL TERM
Topical Term Economic development
700 1# - ADDED ENTRY--PERSONAL NAME
Personal name Ostry, Jonathan David,
Personal name Zettelmeyer, Jeromin.
856 40 - ELECTRONIC LOCATION AND ACCESS
Uniform Resource Identifier http://site.ebrary.com/lib/rucke/Doc?id=10302948

No items available.

© 2026 Rongo University
Contact us: librarian | system librarian | Rongo university